00301nam a22001217a 4500003000400000008004100004020001900045082001700064100001900081245004600100260002500146300000800171OSt220616b ||||| |||| 00| 0 eng d a97893353944902 a006.31 bFEM aFENNER, Mark E aMachine Learning with Python for Everyone aNoidabPearsonc2022 a473